000 00726 a2200229 4500
240 _aEtude de la productivité de quelques plantes fourragères et du maïs cultivé en allées
502 _aThèse d'exercice
653 1 _aSciences agronomiques
100 _aAmoussou, Assogba Richard
300 _aXVIII-98 p.
245 _aBrowse and forage for small ruminants production in Republic of Bénin
650 _aALIMENTATION DES ANIMAUX
650 _aPLANTE FOURRAGERE
650 _aZEA MAYS
130 _lFr
710 _aAbomey-Calavi, Université nationale du Bénin, Faculté des Sciences Agronomiques, BJ
041 _bFr
041 _bEn
653 1 _aProduction animale
651 _aBENIN
999 _c31104
_d31104